[Event "XLVI C.to Italiano a squadre Master"]
[Site "Condino ITA"]
[Date "2014.05.04"]
[Round "7"]
[White "Garcia Palermo, Carlos Horacio"]
[Black "Arlandi, Ennio"]
[WhiteElo "2455"]
[BlackElo "2430"]
[Result "1-0"]
[PlyCount "73"]
[EventDate "2014.04.30"]

1. d4 Nf6 2. Nf3 g6 3. g3 Bg7 4. Bg2 O-O 5. O-O d5 6. Be3 c6 7. Qc1 Re8 8. c4
Ne4 9. Bh6 Bh8 10. Rd1 Be6 11. Nc3 Nd6 12. cxd5 Bxd5 13. Bf4 Na6 14. Bxd6 Qxd6
15. e4 Be6 16. e5 Qd7 17. Ng5 Rad8 18. Qf4 Nc7 19. Nce4 f6 20. exf6 exf6 21.
Nxf6+ Bxf6 22. Qxf6 Nd5 23. Bxd5 Bxd5 24. Re1 Bxa2 25. Rxe8+ Rxe8 26. Rxa2 Re1+
27. Kg2 Qd5+ 28. Nf3 Re6 29. Qg5 Qxa2 30. Qd8+ Kg7 31. Ng5 Re1 32. Qd7+ Kg8 33.
Qc8+ Kg7 34. Qd7+ Kg8 35. Qc8+ Kg7 36. Qxb7+ Kg8 37. b3 1-0

[Event "XLVI C.to Italiano a squadre Master"]
[Site "Condino ITA"]
[Date "2014.05.04"]
[Round "7"]
[White "Georgiev, Vladimir"]
[Black "Caruana, Fabiano"]
[WhiteElo "2553"]
[BlackElo "2783"]
[Result "0-1"]
[PlyCount "57"]
[EventDate "2014.04.30"]

1. Nf3 d6 2. d4 g6 3. e4 Bg7 4. Bc4 a6 5. O-O e6 6. Re1 Ne7 7. c3 O-O 8. Bb3
Nd7 9. Nbd2 b5 10. a4 Bb7 11. Qe2 Rb8 12. axb5 axb5 13. h4 c5 14. h5 Nc6 15.
hxg6 hxg6 16. d5 exd5 17. Bxd5 c4 18. Nf1 Nce5 19. Bf4 Bxd5 20. Bxe5 dxe5 21.
exd5 Nc5 22. Red1 e4 23. Nd4 Bxd4 24. cxd4 Nd3 25. Ne3 Qf6 26. b3 Qxd4 27. bxc4
bxc4 28. Ra4 Rb2 29. Rd2 0-1

[Event "XLVI C.to Italiano a squadre Master"]
[Site "Condino ITA"]
[Date "2014.05.04"]
[Round "7"]
[White "Gilevych, Artem"]
[Black "Napoli, Nicolo'"]
[WhiteElo "2343"]
[BlackElo "2241"]
[Result "1/2-1/2"]
[PlyCount "47"]
[EventDate "2014.04.30"]

1. Nf3 Nf6 2. d4 c5 3. c4 g6 4. Nc3 cxd4 5. Nxd4 Nc6 6. e4 d6 7. Be2 Bg7 8. Be3
O-O 9. Qd2 Ng4 10. Bxg4 Bxg4 11. O-O Be6 12. b3 Qa5 13. Rac1 Rac8 14. Kh1 Bd7
15. f4 f5 16. exf5 Bxf5 17. Rfe1 Rce8 18. Nf3 Kh8 19. Kg1 Bg4 20. Nd4 Nxd4 21.
Bxd4 e5 22. fxe5 dxe5 23. Bf2 Rd8 24. Qg5 1/2-1/2

[Event "XLVI C.to Italiano a squadre Master"]
[Site "Condino ITA"]
[Date "2014.05.04"]
[Round "7"]
[White "Horvath, Csaba"]
[Black "Erdos, Viktor"]
[WhiteElo "2557"]
[BlackElo "2651"]
[Result "1/2-1/2"]
[PlyCount "45"]
[EventDate "2014.04.30"]

1. Nf3 Nf6 2. c4 e6 3. g3 d5 4. d4 Be7 5. Bg2 O-O 6. O-O dxc4 7. Ne5 Nc6 8.
Bxc6 bxc6 9. Nxc6 Qe8 10. Nxe7+ Qxe7 11. Qa4 e5 12. dxe5 Qxe5 13. Qxc4 Be6 14.
Qc2 Bf5 15. Qd2 Bh3 16. Re1 Rad8 17. Qc3 Qd5 18. f3 Rfe8 19. Na3 Qb7 20. Qb3
Qa6 21. Qb5 Qe6 22. Qb3 Qa6 23. Qb5 1/2-1/2

[Event "XLVI C.to Italiano a squadre Master"]
[Site "Condino ITA"]
[Date "2014.05.04"]
[Round "7"]
[White "Horvath, Jozsef"]
[Black "Cocchi, Andrea"]
[WhiteElo "2505"]
[BlackElo "2321"]
[Result "1-0"]
[PlyCount "55"]
[EventDate "2014.04.30"]

1. d4 Nf6 2. c4 g6 3. Nc3 Bg7 4. e4 d6 5. Bd3 O-O 6. Nge2 e5 7. d5 Nh5 8. O-O
a5 9. Rb1 f5 10. exf5 gxf5 11. Ng3 Nf4 12. Bxf4 exf4 13. Nh5 Bh6 14. Ne2 f3 15.
Nef4 fxg2 16. Re1 Qh4 17. Nxg2 Qg5 18. f4 Qg6 19. Re3 Kh8 20. Rg3 Qf7 21. Bxf5
Qxf5 22. Qd4+ Rf6 23. Re1 Bd7 24. Nxf6 Bg7 25. Rxg7 Kxg7 26. Ne8+ Kh6 27. Qg7+
Kh5 28. Nf6+ 1-0

[Event "XLVI C.to Italiano a squadre Master"]
[Site "Condino ITA"]
[Date "2014.05.04"]
[Round "7"]
[White "Iordachescu, Viorel"]
[Black "Antoniewski, Rafal"]
[WhiteElo "2601"]
[BlackElo "2540"]
[Result "1/2-1/2"]
[PlyCount "44"]
[EventDate "2014.04.30"]

1. e4 c5 2. Nf3 d6 3. Bb5+ Nd7 4. c3 Ngf6 5. Qe2 a6 6. Ba4 b5 7. Bc2 Bb7 8. O-O
e6 9. d4 Be7 10. Nbd2 Qc7 11. Bd3 O-O 12. Re1 e5 13. dxe5 dxe5 14. c4 b4 15.
Nf1 Rfe8 16. Bc2 g6 17. Bg5 Bc6 18. Rad1 Nf8 19. Bxf6 Bxf6 20. Ne3 Bg7 21. Nd5
Qb7 22. Rd2 a5 1/2-1/2

[Event "XLVI C.to Italiano a squadre Master"]
[Site "Condino ITA"]
[Date "2014.05.04"]
[Round "7"]
[White "Lucaroni, Massimiliano"]
[Black "Amato, Andrea"]
[WhiteElo "2267"]
[BlackElo "2345"]
[Result "1/2-1/2"]
[PlyCount "66"]
[EventDate "2014.04.30"]

1. e4 e6 2. Nf3 d5 3. e5 c5 4. b4 c4 5. c3 a5 6. b5 Nd7 7. d4 cxd3 8. Bxd3 f6
9. exf6 Qxf6 10. Bg5 Qf7 11. Be3 Bc5 12. Bd4 Ngf6 13. O-O Bxd4 14. cxd4 Ne4 15.
Nbd2 Qf4 16. Qe2 Ndf6 17. Rfe1 Nxd2 18. Qxd2 Qxd2 19. Nxd2 Bd7 20. a4 Ke7 21.
Rac1 Rhc8 22. Nf3 Kd6 23. Ne5 Be8 24. f3 h6 25. Kf2 Ng8 26. h4 Ne7 27. g4 Rxc1
28. Rxc1 Rc8 29. Rc2 Rb8 30. Rc5 Nc8 31. Bc2 Nb6 32. Ke3 Bd7 33. h5 Rf8 1/2-1/2

[Event "XLVI C.to Italiano a squadre Master"]
[Site "Condino ITA"]
[Date "2014.05.04"]
[Round "7"]
[White "Mazzilli, Piero"]
[Black "Caprio, Guido"]
[WhiteElo "2362"]
[BlackElo "2426"]
[Result "1/2-1/2"]
[PlyCount "47"]
[EventDate "2014.04.30"]

1. e4 c5 2. c3 e6 3. d4 d5 4. exd5 exd5 5. Nf3 Nc6 6. Bb5 Bd6 7. dxc5 Bxc5 8.
O-O Nge7 9. Nbd2 O-O 10. Nb3 Bd6 11. Bg5 f6 12. Bh4 a6 13. Be2 Qc7 14. Re1 Kh8
15. Nbd4 Ne5 16. Bg3 Bd7 17. Qc2 Rae8 18. Rad1 Qb6 19. Qb3 Qc7 20. Qc2 Qa5 21.
Bf1 Bg4 22. Be2 Bd7 23. Bf1 Qc7 24. Be2 1/2-1/2

[Event "XLVI C.to Italiano a squadre Master"]
[Site "Condino ITA"]
[Date "2014.05.04"]
[Round "7"]
[White "Piscopo, Pierluigi"]
[Black "Esposito, Luca"]
[WhiteElo "2409"]
[BlackElo "2214"]
[Result "1-0"]
[PlyCount "47"]
[EventDate "2014.04.30"]

1. Nf3 d5 2. g3 Nf6 3. Bg2 e6 4. c4 Be7 5. O-O O-O 6. d3 c5 7. Nc3 d4 8. Na4
Nc6 9. e3 e5 10. exd4 cxd4 11. Re1 Nd7 12. a3 Qc7 13. b4 Re8 14. Bd2 f6 15. Nh4
Nf8 16. f4 Nd8 17. f5 g5 18. Qh5 Bd7 19. Bd5+ Kg7 20. Nc5 Bxc5 21. Bxg5 Be6 22.
Bh6+ Kg8 23. fxe6 Ndxe6 24. bxc5 1-0

[Event "XLVI C.to Italiano a squadre Master"]
[Site "Condino ITA"]
[Date "2014.05.04"]
[Round "7"]
[White "Qendro, Llambi"]
[Black "Valsecchi, Alessio"]
[WhiteElo "2338"]
[BlackElo "2407"]
[Result "1/2-1/2"]
[PlyCount "48"]
[EventDate "2014.04.30"]

1. d4 f5 2. Nf3 Nf6 3. g3 g6 4. Bg2 Bg7 5. O-O d6 6. c4 O-O 7. Nc3 c6 8. d5 Bd7
9. Be3 Na6 10. Qd2 Nc7 11. Rad1 c5 12. Bh6 a6 13. Bxg7 Kxg7 14. Ng5 b5 15. e4
fxe4 16. b3 Rb8 17. Ncxe4 h6 18. Nxf6 exf6 19. Ne6+ Nxe6 20. dxe6 Bxe6 21. Qxd6
Qxd6 22. Rxd6 Bf7 23. Bd5 Rbd8 24. Rxa6 Bxd5 1/2-1/2

[Event "XLVI C.to Italiano a squadre Master"]
[Site "Condino ITA"]
[Date "2014.05.04"]
[Round "7"]
[White "Ramondino, Renzo"]
[Black "Tassi, Oliviero"]
[WhiteElo "2251"]
[BlackElo "2299"]
[Result "0-1"]
[PlyCount "89"]
[EventDate "2014.04.30"]

1. e4 c5 2. Nf3 e6 3. d4 cxd4 4. Nxd4 Nf6 5. Nc3 d6 6. Be3 a6 7. f3 Qc7 8. Qd2
Nc6 9. O-O-O Bd7 10. g4 Nxd4 11. Bxd4 h6 12. h4 b5 13. Bh3 b4 14. Ne2 e5 15.
Be3 Rc8 16. Kb1 a5 17. Rc1 a4 18. c3 b3 19. a3 Qc4 20. Ng3 d5 21. Bf1 Qc6 22.
g5 hxg5 23. hxg5 Rxh1 24. Nxh1 dxe4 25. gxf6 exf3 26. fxg7 Bxg7 27. Re1 Rd8 28.
Qf2 Bf5+ 29. Ka1 Qd5 30. Bc1 Kf8 31. Qe3 Rd6 32. c4 Qc6 33. Nf2 e4 34. c5 Rd4
35. Bd2 Kg8 36. Bc3 Qxc5 37. Qg5 Qd5 38. Bc4 Qxc4 39. Rg1 Bg6 40. Ng4 Qd5 41.
Nf6+ Bxf6 42. Qxd5 Rxd5 43. Bxf6 f2 44. Rh1 Bh5 45. Rg1+ 0-1

[Event "XLVI C.to Italiano a squadre Master"]
[Site "Condino ITA"]
[Date "2014.05.04"]
[Round "7"]
[White "Scalcione, Michelangelo"]
[Black "Cappai, Davide"]
[WhiteElo "2325"]
[BlackElo "2237"]
[Result "0-1"]
[PlyCount "138"]
[EventDate "2014.04.30"]

1. d4 Nf6 2. c4 g6 3. Nc3 Bg7 4. e4 d6 5. Be2 O-O 6. Bg5 c5 7. d5 h6 8. Be3 a6
9. a4 e6 10. Qd2 Kh7 11. h4 exd5 12. exd5 Ng4 13. Bxg4 Bxg4 14. f3 Bc8 15. h5
g5 16. Nge2 Re8 17. Ne4 Qe7 18. g4 Nd7 19. N2g3 Nf6 20. O-O-O Nxe4 21. Nxe4 Bd7
22. Rde1 b5 23. Qc2 Kh8 24. Bd2 Be5 25. Kb1 f6 26. Bc3 b4 27. Bxe5 fxe5 28. Re3
Qf8 29. Rhe1 a5 30. b3 Ra7 31. Qb2 Kh7 32. Nf2 Qg7 33. Qc2+ Kh8 34. Kc1 Bc8 35.
Rh1 Rf7 36. Qg6 Qf8 37. Ne4 Rd8 38. Rhe1 Rfd7 39. Nxc5 dxc5 40. Rxe5 Rf7 41.
R1e3 Qg7 42. Qb6 Rdf8 43. Qxc5 Bd7 44. Qxa5 Bxg4 45. Qxb4 Bxf3 46. Qc3 g4 47.
Re6 Qxc3+ 48. Rxc3 Kh7 49. Kd2 g3 50. Rc1 Bxh5 51. Rg1 Rf2+ 52. Kc3 R2f3+ 53.
Kd4 Bg4 54. Re4 h5 55. b4 Rg8 56. d6 Bf5 57. Re7+ Kh6 58. c5 h4 59. c6 Rg4+ 60.
Kc5 Rc3+ 61. Kd5 h3 62. Ke5 g2 63. Kxf5 Rg5+ 64. Kf4 h2 65. Re6+ Kg7 66. Re7+
Kf6 67. Rge1 Rg4+ 68. Kxg4 g1=Q+ 69. Kf4 Qg3+ 0-1

[Event "XLVI C.to Italiano a squadre Master"]
[Site "Condino ITA"]
[Date "2014.05.04"]
[Round "7"]
[White "Shytaj, Luca"]
[Black "Collutiis, Duilio"]
[WhiteElo "2453"]
[BlackElo "2462"]
[Result "1/2-1/2"]
[PlyCount "75"]
[EventDate "2014.04.30"]

1. e4 e5 2. Nf3 Nc6 3. Bc4 Bc5 4. c3 Nf6 5. d3 O-O 6. Bg5 Be7 7. Nbd2 d6 8. a4
Be6 9. a5 d5 10. Bb3 h6 11. Bh4 Qd7 12. O-O dxe4 13. dxe4 Ne8 14. Bxe7 Qxe7 15.
Bd5 Nd8 16. Qb3 c6 17. Bxe6 Nxe6 18. a6 b6 19. Nc4 Ng5 20. Ncxe5 Nxf3+ 21. Nxf3
Qxe4 22. Rfe1 Qf5 23. Nd4 Qf6 24. Qc4 Rc8 25. Nb5 Nd6 26. Nxd6 Qxd6 27. Rad1
Qc7 28. g3 Rcd8 29. Qe4 Qc8 30. Rxd8 Rxd8 31. Qe7 Rd7 32. Qe8+ Qxe8 33. Rxe8+
Kh7 34. Rb8 Rd1+ 35. Kg2 Ra1 36. Rb7 Rxa6 37. Rxf7 Ra2 38. b4 1/2-1/2

[Event "XLVI C.to Italiano a squadre Master"]
[Site "Condino ITA"]
[Date "2014.05.04"]
[Round "7"]
[White "Stromboli, Carlo"]
[Black "Bruno, Fabio"]
[WhiteElo "2332"]
[BlackElo "2413"]
[Result "1/2-1/2"]
[PlyCount "79"]
[EventDate "2014.04.30"]

1. e4 e6 2. d4 d5 3. Nc3 Bb4 4. exd5 exd5 5. Bd3 Nf6 6. Nge2 O-O 7. O-O Re8 8.
Bg5 c6 9. Ng3 h6 10. Bf4 Bg4 11. Qc1 Nbd7 12. h3 Be6 13. Nd1 Bf8 14. Re1 c5 15.
dxc5 Nxc5 16. Qd2 Qd7 17. Nc3 Nxd3 18. Qxd3 d4 19. Nb5 Bb4 20. Red1 Nd5 21.
Qxd4 Qxb5 22. c4 Qb6 23. cxd5 Bc5 24. Qd2 Rad8 25. d6 Bb4 26. Qd3 Rd7 27. a3
Bxd6 28. Bxd6 Red8 29. Ne4 f5 30. Qe2 fxe4 31. Bb4 Qc6 32. Bc3 Bc4 33. Rxd7
Rxd7 34. Qg4 Qe6 35. Qf4 Kh7 36. Re1 Bd5 37. Re3 Rf7 38. Qh4 Qf5 39. Qg3 Bc6
40. Re2 1/2-1/2

[Event "XLVI C.to Italiano a squadre Master"]
[Site "Condino ITA"]
[Date "2014.05.04"]
[Round "7"]
[White "Vancini, Edoardo"]
[Black "Paltrinieri, Nicholas"]
[WhiteElo "2269"]
[BlackElo "2215"]
[Result "1-0"]
[PlyCount "101"]
[EventDate "2014.04.30"]

1. d4 e6 2. g3 f5 3. Bg2 Nf6 4. Nd2 Nc6 5. c3 d6 6. e4 e5 7. exf5 exd4 8. cxd4
Bxf5 9. Ne2 d5 10. a3 Be7 11. Nf3 O-O 12. O-O Ne4 13. Be3 a5 14. Rc1 Qd7 15.
Nd2 Nxd2 16. Qxd2 Nd8 17. Nc3 c6 18. Na4 Qe6 19. Bf4 Nf7 20. Nc5 Bxc5 21. Rxc5
Qf6 22. Re1 h6 23. Be5 Nxe5 24. Rxe5 Rae8 25. f4 b6 26. Rxc6 Qxc6 27. Bxd5+
Qxd5 28. Rxd5 Rc8 29. Qd1 Rf7 30. Re5 g6 31. Qe1 Kf8 32. Re3 Rd7 33. g4 Bxg4
34. Qh4 Bf5 35. Qf6+ Kg8 36. Qxb6 Rcd8 37. b4 axb4 38. axb4 Rxd4 39. Re8+ Rxe8
40. Qxd4 Kf7 41. b5 Re7 42. b6 Be4 43. Kf2 Kg8 44. Qf6 Re8 45. b7 Bxb7 46.
Qxg6+ Kf8 47. Qxh6+ Kg8 48. Qg6+ Kf8 49. Qf6+ Kg8 50. h4 Be4 51. h5 1-0

[Event "XLVI C.to Italiano a squadre Master"]
[Site "Condino ITA"]
[Date "2014.05.04"]
[Round "7"]
[White "Vocaturo, Daniele"]
[Black "Sarno, Spartaco"]
[WhiteElo "2579"]
[BlackElo "2317"]
[Result "1-0"]
[PlyCount "51"]
[EventDate "2014.04.30"]

1. e4 d6 2. d4 Nf6 3. Nc3 g6 4. Be3 Bg7 5. Qd2 O-O 6. O-O-O c6 7. f3 b5 8. Bh6
Qa5 9. Bxg7 Kxg7 10. b3 Be6 11. Kb1 Nbd7 12. h4 Rfb8 13. h5 Qa3 14. hxg6 fxg6
15. g4 Nf8 16. g5 Nh5 17. d5 cxd5 18. exd5 Bd7 19. Nge2 Qc5 20. Ne4 Qb6 21. Bh3
Bxh3 22. Rxh3 Kf7 23. Nd4 Qb7 24. Rxh5 gxh5 25. Nf5 Qd7 26. Qf4 1-0

[Event "XLII Gold Cup"]
[Site "Merano - Meran ITA"]
[Date "2014.04.25"]
[Round "1"]
[White "Bauer, Dieter"]
[Black "Harsch, Martin"]
[WhiteElo "1733"]
[BlackElo "2013"]
[Result "0-1"]
[PlyCount "34"]
[EventDate "2014.04.25"]

1. e4 c6 2. d4 d5 3. e5 Bf5 4. h4 h5 5. Bd3 Bxd3 6. Qxd3 e6 7. Ne2 c5 8. c3 Nc6
9. f4 Nh6 10. Ng3 g6 11. Be3 c4 12. Qe2 Be7 13. f5 Bxh4 14. Rxh4 Qxh4 15. Bf2
Qg4 16. Qe3 h4 17. Ne2 Nxf5 0-1

[Event "XLII Gold Cup"]
[Site "Merano - Meran ITA"]
[Date "2014.04.25"]
[Round "1"]
[White "Kock, Hans-Uwe"]
[Black "Schleime, Franz-Josef"]
[WhiteElo "2028"]
[BlackElo "1749"]
[Result "1-0"]
[PlyCount "77"]
[EventDate "2014.04.25"]

1. d4 Nf6 2. c4 e6 3. Nf3 c5 4. d5 b5 5. dxe6 fxe6 6. e3 bxc4 7. Bxc4 d5 8. Bd3
Bd6 9. Nc3 a6 10. e4 Nbd7 11. O-O O-O 12. exd5 exd5 13. Nxd5 Bb7 14. Bc4 Kh8
15. Ng5 Bxd5 16. Bxd5 Nxd5 17. Qxd5 Nf6 18. Qc4 Qe8 19. Qh4 h6 20. Nf3 Qg6 21.
h3 Nd5 22. Qg4 Qxg4 23. hxg4 Rfe8 24. Rd1 Rad8 25. Rxd5 Bh2+ 26. Kxh2 Rxd5 27.
Be3 c4 28. Rc1 Rc8 29. Nd2 Ra5 30. a3 c3 31. Nb1 c2 32. Nc3 Re5 33. Rxc2 Re4
34. Kg3 Rec4 35. Rd2 Rb8 36. Bf4 Rxb2 37. Rxb2 Rxc3+ 38. Be3 Rxa3 39. Rb7 1-0

[Event "XLII Gold Cup"]
[Site "Merano - Meran ITA"]
[Date "2014.04.25"]
[Round "1"]
[White "Leimeister, Winfried"]
[Black "Thonig, Manfred"]
[WhiteElo "1875"]
[BlackElo "1573"]
[Result "0-1"]
[PlyCount "104"]
[EventDate "2014.04.25"]

1. Nf3 Nf6 2. d3 g6 3. g3 Bg7 4. Bg2 O-O 5. O-O d5 6. Nbd2 Nc6 7. c3 e5 8. e4
Bg4 9. h3 Bxf3 10. Qxf3 d4 11. c4 Nd7 12. Qe2 Nc5 13. f4 Nb4 14. Rf3 exf4 15.
gxf4 Nc2 16. Rb1 Qh4 17. Nf1 Nb4 18. b3 Bh6 19. a3 Nbxd3 20. Rxd3 Nxd3 21. Qxd3
Bxf4 22. Bxf4 Qxf4 23. Qxd4 Rfd8 24. Qe3 Qxe3+ 25. Nxe3 Rd3 26. Kf2 Rad8 27.
Bf1 Rd2+ 28. Ke1 R2d4 29. Bg2 Rd2 30. Rd1 Rxd1+ 31. Nxd1 Rd3 32. b4 Rxa3 33. b5
Ra2 34. Bf1 b6 35. Ne3 Ra1+ 36. Kd2 a5 37. Be2 a4 38. Bd1 h5 39. Nc2 Rb1 40.
Na3 Ra1 41. Nc2 Rb1 42. Na3 Rb2+ 43. Nc2 Kg7 44. Be2 Kh6 45. h4 g5 46. hxg5+
Kxg5 47. Kc3 Rb3+ 48. Kd4 a3 49. Kd5 h4 50. Kc6 a2 51. Kxc7 h3 52. Bf1 h2 0-1

[Event "XLII Gold Cup"]
[Site "Merano - Meran ITA"]
[Date "2014.04.25"]
[Round "1"]
[White "Perman, Denis"]
[Black "Popa, Claudiu"]
[WhiteElo "1835"]
[BlackElo "2105"]
[Result "0-1"]
[PlyCount "82"]
[EventDate "2014.04.25"]

1. e4 e5 2. Nf3 Nf6 3. Nxe5 d6 4. Nc4 Nxe4 5. Nc3 Nxc3 6. bxc3 Be7 7. d4 O-O 8.
Bd3 Nd7 9. O-O Nf6 10. Qf3 Rb8 11. Qg3 Be6 12. Ne3 Nh5 13. Qf3 g6 14. Nf5 Bg5
15. g4 Bxf5 16. Bxf5 Bxc1 17. Raxc1 Qg5 18. Kh1 Nf4 19. Be4 d5 20. Bd3 Rfe8 21.
Rce1 c6 22. Re3 Re6 23. Rfe1 Rbe8 24. Bf1 Kg7 25. Qg3 Qf6 26. h4 h6 27. Kh2 g5
28. h5 Kf8 29. Qf3 Nxh5 30. Qxf6 Nxf6 31. Rxe6 Rxe6 32. Rxe6 fxe6 33. f3 Ke7
34. Bd3 Kd6 35. Kg3 e5 36. Bf5 c5 37. Kf2 cxd4 38. cxd4 exd4 39. Ke2 Ke5 40.
Bc8 b6 41. Bf5 h5 0-1

[Event "XLII Gold Cup"]
[Site "Merano - Meran ITA"]
[Date "2014.04.25"]
[Round "1"]
[White "Spanton, Timothy R."]
[Black "Schulz, Hermann"]
[WhiteElo "1949"]
[BlackElo "1707"]
[Result "1-0"]
[PlyCount "27"]
[EventDate "2014.04.25"]

1. d4 Nf6 2. Nf3 e6 3. Bf4 d5 4. e3 Be7 5. Bd3 Nbd7 6. Nbd2 b6 7. Ne5 Bb7 8.
Qf3 Rc8 9. O-O O-O 10. Rad1 c5 11. c3 Re8 12. Bb5 a6 13. Bxd7 Nxd7 14. Nxf7 1-0

[Event "XLII Gold Cup"]
[Site "Merano - Meran ITA"]
[Date "2014.04.25"]
[Round "1"]
[White "Weinberg, Emanuele"]
[Black "Eilers, Jochen"]
[WhiteElo "1735"]
[BlackElo "2032"]
[Result "0-1"]
[PlyCount "68"]
[EventDate "2014.04.25"]

1. d4 Nf6 2. c4 c5 3. d5 b5 4. b3 bxc4 5. bxc4 g6 6. Bb2 Bg7 7. g3 d6 8. Nf3
Nbd7 9. Nbd2 O-O 10. Bg2 Rb8 11. Qc2 Rxb2 12. Qxb2 Nxd5 13. Qb1 Bxa1 14. Qxa1
N5f6 15. O-O Nb6 16. Rd1 Be6 17. Qc3 Qd7 18. Ng5 Qa4 19. Rc1 Bd7 20. e4 Qb4 21.
f4 Qxc3 22. Rxc3 h6 23. Ngf3 Bc6 24. e5 Ne4 25. Nxe4 Bxe4 26. exd6 exd6 27. Nd2
Bxg2 28. Kxg2 f5 29. Ra3 Rf7 30. Rd3 Rd7 31. Kf3 Kf7 32. Re3 d5 33. cxd5 Rxd5
34. Ke2 Rxd2+ 0-1

[Event "XLII Gold Cup"]
[Site "Merano - Meran ITA"]
[Date "2014.04.26"]
[Round "2"]
[White "Eilers, Jochen"]
[Black "Meul, Willi"]
[WhiteElo "2032"]
[BlackElo "1885"]
[Result "1-0"]
[PlyCount "53"]
[EventDate "2014.04.25"]

1. e4 c5 2. Nc3 d6 3. g3 Nc6 4. Bg2 g6 5. d3 Bg7 6. Be3 Nf6 7. h3 Rb8 8. Qd2 b5
9. Bh6 Bxh6 10. Qxh6 Nd4 11. Qd2 b4 12. Nd1 Qa5 13. Ne2 Bd7 14. O-O O-O 15. f4
Rfc8 16. Ne3 e6 17. g4 Qc7 18. f5 Nxe2+ 19. Qxe2 Kg7 20. Rf2 exf5 21. g5 Ng8
22. exf5 f6 23. fxg6 hxg6 24. gxf6+ Kf7 25. Bd5+ Be6 26. Bxe6+ Kxe6 27. Nd5+
1-0

[Event "XLII Gold Cup"]
[Site "Merano - Meran ITA"]
[Date "2014.04.26"]
[Round "2"]
[White "Hager, Eberhard"]
[Black "Wulf, Adalbert"]
[WhiteElo "1882"]
[BlackElo "1949"]
[Result "1/2-1/2"]
[PlyCount "73"]
[EventDate "2014.04.25"]

1. e4 g6 2. d4 d6 3. Nc3 Bg7 4. Bd3 Nf6 5. Be3 a6 6. f3 Nc6 7. a3 e5 8. d5 Ne7
9. Qd2 Nfg8 10. Nge2 f5 11. exf5 gxf5 12. Bg5 h6 13. Bh4 Nf6 14. Ng3 O-O 15.
Bxf6 Rxf6 16. Nh5 Rf8 17. Nxg7 Kxg7 18. h4 b5 19. Be2 Bb7 20. h5 Qe8 21. Rh3
Qf7 22. O-O-O Rac8 23. f4 c6 24. fxe5 dxe5 25. Qe3 Qf6 26. d6 Nd5 27. Nxd5 cxd5
28. Rg3+ Kh7 29. Rg6 f4 30. Qb6 Qf5 31. Rd2 Qd7 32. Bg4 Qc6 33. Qxc6 Rxc6 34.
Re6 Rf7 35. Re7 Kg7 36. Rxe5 Rxd6 37. Bf3 1/2-1/2

[Event "XLII Gold Cup"]
[Site "Merano - Meran ITA"]
[Date "2014.04.26"]
[Round "2"]
[White "Popa, Claudiu"]
[Black "Alvarez, Luis"]
[WhiteElo "2105"]
[BlackElo "1885"]
[Result "1-0"]
[PlyCount "85"]
[EventDate "2014.04.25"]

1. e4 c5 2. c3 d5 3. exd5 Qxd5 4. d4 g6 5. Nf3 Bg7 6. Be3 cxd4 7. cxd4 Nf6 8.
Nc3 Qa5 9. Bc4 O-O 10. O-O Nc6 11. a3 e6 12. b4 Qd8 13. h3 a6 14. Ne5 Qc7 15.
Nxc6 Qxc6 16. Qb3 b5 17. Be2 Qd7 18. a4 bxa4 19. Nxa4 Nd5 20. Nc5 Qd6 21. Qc4
Nc7 22. Bf3 Rb8 23. Ne4 Qe7 24. Bg5 Qd7 25. Bf4 e5 26. Bxe5 Bxe5 27. dxe5 Qe7
28. Qc5 Qxc5 29. bxc5 Ne6 30. Rfd1 Kg7 31. Rac1 Nc7 32. Nd6 Be6 33. Bb7 f6 34.
f4 fxe5 35. fxe5 Rf4 36. Ra1 Rb4 37. Bxa6 Nxa6 38. Rxa6 Kh6 39. c6 Rb1 40. Ra1
Rxd1+ 41. Rxd1 Rb2 42. Rc1 Bd5 43. c7 1-0

[Event "XLII Gold Cup"]
[Site "Merano - Meran ITA"]
[Date "2014.04.26"]
[Round "2"]
[White "Schleime, Franz-Josef"]
[Black "Spanton, Timothy R."]
[WhiteElo "1749"]
[BlackElo "1949"]
[Result "0-1"]
[PlyCount "44"]
[EventDate "2014.04.25"]

1. d4 d5 2. Nf3 Nc6 3. Bf4 Bg4 4. e3 e6 5. Nbd2 Bd6 6. Bg3 e5 7. dxe5 Nxe5 8.
Be2 Ng6 9. Bxd6 Qxd6 10. Nd4 Bd7 11. Nb5 Qb6 12. Nc3 Nf6 13. Rb1 O-O 14. Nf3
Rad8 15. O-O Be6 16. Nd4 c5 17. Nxe6 fxe6 18. Bf3 Nh4 19. Bg4 d4 20. exd4 Rxd4
21. Bxe6+ Qxe6 22. Qc1 Nxg2 0-1

[Event "XLII Gold Cup"]
[Site "Merano - Meran ITA"]
[Date "2014.04.27"]
[Round "3"]
[White "Alvarez, Luis"]
[Black "Marek, Herbert"]
[WhiteElo "1885"]
[BlackElo "1813"]
[Result "1-0"]
[PlyCount "59"]
[EventDate "2014.04.25"]

1. e4 c5 2. Nf3 e6 3. d4 cxd4 4. Nxd4 a6 5. c4 Nf6 6. Nc3 d6 7. Be2 Be7 8. O-O
O-O 9. Be3 Nc6 10. b3 Nxd4 11. Qxd4 e5 12. Qd1 Be6 13. f4 exf4 14. Bxf4 Qb6+
15. Kh1 Rfd8 16. Bf3 Rac8 17. Qe2 Rd7 18. Rad1 Qd8 19. Rd2 Ne8 20. Be3 Bg5 21.
Nd5 Bxe3 22. Qxe3 Rc6 23. Rfd1 Bxd5 24. Rxd5 Nc7 25. R5d2 Ne6 26. e5 Rb6 27. c5
Nxc5 28. Qxc5 Rb5 29. Qe3 d5 30. e6 1-0

[Event "XLII Gold Cup"]
[Site "Merano - Meran ITA"]
[Date "2014.04.27"]
[Round "3"]
[White "Meul, Willi"]
[Black "Thonig, Manfred"]
[WhiteElo "1885"]
[BlackElo "1573"]
[Result "1-0"]
[PlyCount "59"]
[EventDate "2014.04.25"]

1. d4 e6 2. Nf3 f5 3. c4 Nf6 4. g3 Ne4 5. Bg2 Bb4+ 6. Nbd2 O-O 7. O-O d5 8. a3
Bxd2 9. Nxd2 Nxd2 10. Bxd2 dxc4 11. Qa4 Qxd4 12. Bc3 Bd7 13. Bxd4 Bxa4 14. Bxb7
Bc6 15. Bxa8 Bxa8 16. Bxa7 Nc6 17. Bc5 Rb8 18. Rab1 Rb5 19. Be3 Ne5 20. f3 Bd5
21. Bf4 Nc6 22. Bxc7 e5 23. Rfd1 Kf7 24. a4 Rb7 25. Rxd5 Rxc7 26. Rc5 Ke6 27.
Rxc4 Kd5 28. Rbc1 e4 29. b4 exf3 30. exf3 1-0

[Event "XLII Gold Cup"]
[Site "Merano - Meran ITA"]
[Date "2014.04.27"]
[Round "3"]
[White "Neumann, Han H.W.M."]
[Black "Eilers, Jochen"]
[WhiteElo "2098"]
[BlackElo "2032"]
[Result "1/2-1/2"]
[PlyCount "50"]
[EventDate "2014.04.25"]

1. e4 c5 2. b4 cxb4 3. a3 d6 4. axb4 Nf6 5. Nc3 g6 6. Nf3 Bg7 7. d4 O-O 8. Be2
d5 9. exd5 Nxd5 10. Nxd5 Qxd5 11. c4 Qd8 12. Be3 Nd7 13. O-O b6 14. Qd2 Bb7 15.
Bh6 Nf6 16. Bxg7 Kxg7 17. Ra3 a6 18. Re1 Rc8 19. Ne5 Qd6 20. Rh3 Ng8 21. Qb2
Rcd8 22. Rd3 f6 23. Bf3 fxe5 24. Bxb7 exd4 25. Bd5 e5 1/2-1/2

[Event "XLII Gold Cup"]
[Site "Merano - Meran ITA"]
[Date "2014.04.27"]
[Round "3"]
[White "Perman, Denis"]
[Black "Hager, Eberhard"]
[WhiteElo "1835"]
[BlackElo "1882"]
[Result "1-0"]
[PlyCount "43"]
[EventDate "2014.04.25"]

1. e4 d6 2. d4 Nf6 3. Nc3 c6 4. f4 Qa5 5. Bd3 e5 6. dxe5 dxe5 7. fxe5 Qxe5 8.
Nf3 Qc7 9. O-O Bc5+ 10. Kh1 Ng4 11. Qe2 O-O 12. h3 Ne5 13. Nxe5 Qxe5 14. Bf4
Qe7 15. e5 Na6 16. Qh5 g6 17. Qh6 f5 18. exf6 Rxf6 19. Bg5 Rxf1+ 20. Rxf1 Qe8
21. Ne4 Bd4 22. Bf6 1-0

[Event "XLII Gold Cup"]
[Site "Merano - Meran ITA"]
[Date "2014.04.27"]
[Round "3"]
[White "Perman, Sergey"]
[Black "Wulf, Adalbert"]
[WhiteElo "2150"]
[BlackElo "1949"]
[Result "1-0"]
[PlyCount "31"]
[EventDate "2014.04.25"]

1. e4 d6 2. d4 g6 3. Nc3 Bg7 4. f4 Nf6 5. Nf3 Bg4 6. h3 Bd7 7. Bd3 O-O 8. e5
Ne8 9. Ne4 e6 10. h4 Bc6 11. h5 Bxe4 12. Bxe4 d5 13. Bd3 c5 14. hxg6 hxg6 15.
Ng5 cxd4 16. Qg4 1-0